000 00535nam a22001937a 4500
003 CEME
005 20210628202818.0
008 210118b xxu||||| |||| 00| 0 eng d
020 _a1-58488-451-7
040 _c.
082 _a515.353 DUF
100 _aDuffy, Dean G
_98868
245 _aTransform methods for solving partial differential equations
250 _a2ND
260 _aNEW DLEHI
_bCHAPMAN & HALL
_c2004
300 _aXIV,708 P
650 _aFOURIER TRANSFORMATIONS, DIFFERENTIAL EQUATIONS
_961751
942 _cBK
_2ddc
999 _c571094
_d571094